00563nam a2200157Ia 4500008004100000100001900041245008100060245004300141260004900184260000900233300001000242650001300252856004800265999001900313952007300332170221s9999 xx 000 0 und d aRay M. Valadez 4aThe value proposition of small businesses: economic engines for job creation cRay M. Valadez, Pepperdine University. bJournal of Management and Marketing Research c2017 a6 : 1 xBusiness uhttp://www.aabri.com/manuscripts/111000.pdf c309861d309861 001040aCLbCLd2017-02-21l0r2017-02-21 00:00:00w2017-02-21yFOJ